| 000 | 00359nam a2200133Ia 4500 | ||
|---|---|---|---|
| 008 | 240624s9999 xx 000 0 und d | ||
| 041 | _aeng | ||
| 082 | _a658.3124 MIL | ||
| 100 | _aMILLER MARK | ||
| 245 | _aTALENT MAGNET HOW TO ATTRACT AND KEEP TH | ||
| 260 |
_c2018 _aOakland _bBerrett-Koehler Publishers |
||
| 300 | _aviii, 155 p.; 23 cm. | ||
| 365 |
_c _b33 |
||
| 999 |
_c32433 _d32433 |
||